LEADER 01097cam2 22003013 450 001 SOB0000001193 005 20220722094931.0 010 $a88-02-03541-5 100 $a22010201d1980 |||||ita|0103 ba 101 $aita 102 $aIT 200 0 $aArtt. 1321-1469$fGiuseppe Mirabelli 205 $a3. ed. interamente riveduta e aggiornata 210 $aTorino$cUTET$d1980 215 $aXVI, 686 p.$d24 cm 461 1$1001SOBE00073069$12000 $a<>obbligazioni / di Giuseppe Mirabelli e Renato Miccio 700 1$aMirabelli$b, Giuseppe$3AF00008880$4070$0227247 801 0$aIT$bUNISOB$c20220722$gRICA 850 $aUNISOB 852 $aUNISOB$j340$m95360 852 $aUNISOB$j340$m123416 912 $aSOB0000001193 940 $aM 102 Monografia moderna SBN 941 $aW 957 $a340$b001984$i-4.2$gSI$d95360$rACQUISTO$1rovito$2UNISOB$3UNISOB$420220722094141.0$520220722094201.0$6rovito 957 $a340$b005327$i-4.2$gSI$d123416$hPucci$1rovito$2UNISOB$3UNISOB$420220722094823.0$520220722094931.0$6rovito 996 $aArtt. 1321-1469$92900932 997 $aUNISOB